[Event "Mittelfranken-chTB1 1718"]
[Site "Mittelfranken"]
[Date "2018.04.22"]
[Round "8.8"]
[White "Wisura, Timm"]
[Black "Seifert, Heinz"]
[Result "1-0"]
[WhiteElo "1849"]
[BlackElo "1602"]
[PlyCount "121"]
[EventDate "2017.10.08"]
[EventType "team-tourn"]
[EventRounds "9"]
[EventCountry "GER"]
[SourceTitle "EXT 2022"]
[Source "ChessBase"]
[SourceDate "2021.10.06"]
[SourceVersion "1"]
[SourceVersionDate "2021.10.06"]
[SourceQuality "1"]
[WhiteTeam "Postbauer Heng"]
[BlackTeam "Lauf SV"]
[WhiteTeamCountry "GER"]
[BlackTeamCountry "GER"]

1. f4 e5 2. fxe5 Nc6 3. Nf3 g5 4. d4 g4 5. Ng5 d5 6. exd6 Bxd6 7. Ne4 Be7 8. d5 f5 9. Nf2 Ne5 10. Bf4 Bf6 11. c3 Ne7 12. e4 N7g6 13. Bxe5 Nxe5 14. Bb5+ c6 15. Ba4 0-0 16. 0-0 f4 17. Nd3 Nxd3 18. Qxd3 Be5 19. Nd2 b5 20. Bc2 Qb6+ 21. Kh1 c5 22. Qe2 Bd7 23. a4 Qh6 24. Rg1 f3 25. gxf3 g3 26. Nf1 Kh8 27. Nxg3 Rg8 28. Nf5 Qf4 29. Rxg8+ Rxg8 30. Rg1 Rxg1+ 31. Kxg1 Qc1+ 32. Bd1 Qf4 33. Ne3 Bh3 34. Ng4 Bxg4 35. fxg4 b4 36. cxb4 cxb4 37. Qf2 Qxf2+ 38. Kxf2 Bxh2 39. Ke3 Be5 40. b3 Kg7 41. Kd3 Kf6 42. Kc4 Bd6 43. Kb5 Ke5 44. Kc6 h6 45. Be2 Be7 46. Ba6 Bd6 47. Kb7 Bc5 48. Bd3 Kd6 49. Ka6 Ke5 50. a5 Kd4 51. Bc2 Ke5 52. Bb1 Kf6 53. d6 Bxd6 54. Kxa7 Kg5 55. Kb7 Kxg4 56. a6 Bc5 57. a7 Bxa7 58. Kxa7 Kf4 59. Bd3 h5 60. Kb6 h4 61. Bf1 1-0

[Event "Mittelfranken-chTB1 1718"]
[Site "Mittelfranken"]
[Date "2017.11.19"]
[Round "3.8"]
[White "Seifert, Heinz"]
[Black "Avdic, Klaudio"]
[Result "1-0"]
[WhiteElo "1602"]
[BlackElo "1618"]
[PlyCount "133"]
[EventDate "2017.10.08"]
[EventType "team-tourn"]
[EventRounds "9"]
[EventCountry "GER"]
[SourceTitle "EXT 2022"]
[Source "ChessBase"]
[SourceDate "2021.10.06"]
[SourceVersion "1"]
[SourceVersionDate "2021.10.06"]
[SourceQuality "1"]
[WhiteTeam "Lauf SV"]
[BlackTeam "Erlangen Siemens"]
[WhiteTeamCountry "GER"]
[BlackTeamCountry "GER"]

1. e4 d6 2. d4 Nf6 3. Nc3 c6 4. f4 g6 5. Nf3 Bg7 6. e5 Nd5 7. Nxd5 cxd5 8. Bb5+ Bd7 9. Bxd7+ Qxd7 10. 0-0 0-0 11. Qe1 Re8 12. c3 Nc6 13. Qh4 h6 14. g4 b5 15. f5 g5 16. Qg3 dxe5 17. dxe5 f6 18. e6 Qb7 19. Be3 Rad8 20. Nd4 Ne5 21. b3 Rc8 22. Bd2 a5 23. Rfc1 Qb6 24. Kg2 Qa6 25. a3 Qb7 26. h3 Bf8 27. Qe3 Rc7 28. Kh2 Qb8 29. Kg1 Rec8 30. Nf3 Nxf3+ 31. Qxf3 Qb6+ 32. Kg2 Qc6 33. Kf1 Qb7 34. Rd1 Rc5 35. Be1 Rd8 36. Rd3 Qa6 37. Rad1 Qa8 38. Bf2 Rc7 39. Bb6 Rcc8 40. Bxd8 Rxd8 41. Rxd5 b4 42. cxb4 axb4 43. axb4 Rc8 44. Qd3 Qb7 45. Qb5 Qc7 46. Qc4 Qb7 47. Qd4 Rc2 48. Rd2 Qa6+ 49. b5 Rc1+ 50. Rd1 Rxd1+ 51. Qxd1 Qb7 52. Ke2 Qc7 53. Qd3 Qh2+ 54. Kd1 Qg1+ 55. Kc2 Qg2+ 56. Kc3 Qg1 57. Rd8 Qc1+ 58. Kb4 Qf4+ 59. Qd4 Qc7 60. b6 Qc6 61. Ka5 Kg7 62. b4 Qc2 63. Qd5 Qb2 64. b7 Qa1+ 65. Kb6 Qg1+ 66. Qc5 Qg3 67. b8Q 1-0

[Event "Mittelfranken-chTB1 1718"]
[Site "Mittelfranken"]
[Date "2017.10.08"]
[Round "1.8"]
[White "Seifert, Heinz"]
[Black "Lechner, Hans Dieter"]
[Result "1/2-1/2"]
[WhiteElo "1602"]
[BlackElo "1739"]
[PlyCount "101"]
[EventDate "2017.10.08"]
[EventType "team-tourn"]
[EventRounds "9"]
[EventCountry "GER"]
[SourceTitle "EXT 2022"]
[Source "ChessBase"]
[SourceDate "2021.10.06"]
[SourceVersion "1"]
[SourceVersionDate "2021.10.06"]
[SourceQuality "1"]
[WhiteTeam "Lauf SV"]
[BlackTeam "Bechhofen"]
[WhiteTeamCountry "GER"]
[BlackTeamCountry "GER"]

1. e4 c5 2. Nc3 e6 3. g3 d5 4. Bg2 d4 5. Nce2 Nc6 6. d3 Bd6 7. f4 f6 8. Nf3 Nge7 9. 0-0 Qb6 10. c3 Bd7 11. Qc2 Rc8 12. Bd2 0-0 13. Kh1 e5 14. f5 Be8 15. g4 Na5 16. c4 Nac6 17. Rg1 Kf7 18. a3 h6 19. b4 Qc7 20. Qb3 Ng8 21. Nh4 Ke7 22. Ng6+ Bxg6 23. fxg6 Nd8 24. Ng3 Ne6 25. Nf5+ Kd8 26. Rab1 b6 27. b5 Ne7 28. Nxe7 Qxe7 29. a4 Rh8 30. a5 Bc7 31. Ra1 Nf8 32. axb6 Bxb6 33. Ba5 Nxg6 34. Bxb6+ axb6 35. Ra6 Rb8 36. Rga1 Qc7 37. Qa2 Kd7 38. Bf1 Nf4 39. Qf2 Ke7 40. R1a3 Rb7 41. Qa2 Rhb8 42. Ra8 Rxa8 43. Rxa8 Kd6 44. Ra6 Qd7 45. h3 Qf7 46. Qa4 Qc7 47. Qd1 Ra7 48. Qa1 Rb7 49. Kh2 Qf7 50. Ra8 Qc7 51. Qa2 1/2-1/2

[Event "Mittelfranken-chT2b 1617"]
[Site "Mittelfranken"]
[Date "2017.01.22"]
[Round "5.5"]
[White "Lutzky, Manfred"]
[Black "Seifert, Heinz"]
[Result "0-1"]
[WhiteElo "1857"]
[BlackElo "1602"]
[PlyCount "40"]
[EventDate "2016.10.23"]
[EventType "team-tourn"]
[EventRounds "9"]
[EventCountry "GER"]
[SourceTitle "EXT 2022"]
[Source "ChessBase"]
[SourceDate "2021.10.06"]
[SourceVersion "1"]
[SourceVersionDate "2021.10.06"]
[SourceQuality "1"]
[WhiteTeam "Nuernberg Noris Tarrasch IV"]
[BlackTeam "Lauf SV II"]
[WhiteTeamCountry "GER"]
[BlackTeamCountry "GER"]

1. e4 c5 2. c3 d5 3. exd5 Qxd5 4. d4 Nf6 5. Nf3 Bg4 6. Be2 e6 7. 0-0 Be7 8. h3 Bh5 9. g4 Bg6 10. Qa4+ Nc6 11. Rd1 Qe4 12. Re1 h5 13. Nbd2 Qd5 14. g5 Nd7 15. Nb3 h4 16. Bf4 Nb6 17. Qb5 Qf5 18. Be3 Qxh3 19. Ne5 Be4 20. Rf1 Qh1# 0-1

[Event "Forchheim op-B 15th"]
[Site "Forchheim"]
[Date "2016.10.03"]
[Round "5"]
[White "Eichenauer, Pascal"]
[Black "Seifert, Heinz"]
[Result "1-0"]
[WhiteElo "1878"]
[BlackElo "1650"]
[PlyCount "29"]
[EventDate "2016.10.01"]
[EventType "swiss"]
[EventRounds "5"]
[EventCountry "GER"]
[SourceTitle "EXT 2019"]
[Source "ChessBase"]
[SourceDate "2018.10.10"]
[SourceVersion "1"]
[SourceVersionDate "2018.10.10"]
[SourceQuality "1"]

1. e4 c5 2. Nf3 d6 3. Bb5+ Nc6 4. Bxc6+ bxc6 5. 0-0 Bg4 6. d3 Nf6 7. Be3 e5 8. Nbd2 Be7 9. c3 0-0 10. Qc2 Qc7 11. d4 Rfd8 12. dxe5 dxe5 13. Ne1 Be6 14. Nb3 Ng4 15. Bd2 1-0

[Event "Forchheim op-B 15th"]
[Site "Forchheim"]
[Date "2016.10.01"]
[Round "1"]
[White "Grossner, Josef"]
[Black "Seifert, Heinz"]
[Result "1-0"]
[WhiteElo "1888"]
[BlackElo "1650"]
[PlyCount "56"]
[EventDate "2016.10.01"]
[EventType "swiss"]
[EventRounds "5"]
[EventCountry "GER"]
[SourceTitle "EXT 2019"]
[Source "ChessBase"]
[SourceDate "2018.10.10"]
[SourceVersion "1"]
[SourceVersionDate "2018.10.10"]
[SourceQuality "1"]

1. e4 c5 2. Nf3 d6 3. d4 cxd4 4. Nxd4 Nf6 5. Nc3 g6 6. Be2 Bg7 7. Be3 0-0 8. 0-0 Nc6 9. h3 d5 10. exd5 Nxd5 11. Nxd5 Qxd5 12. Bf3 Qd7 13. Nxc6 bxc6 14. c3 Qc7 15. Qe2 a5 16. Rfd1 Ba6 17. Qc2 Rad8 18. Bc5 Rxd1+ 19. Rxd1 Rb8 20. Re1 e6 21. Rd1 Bf6 22. Bf8 Kxf8 23. b3 c5 24. Qd2 Bb7 25. Bxb7 Rxb7 26. Qd3 Ke7 27. Qc4 Qc6 28. Qh4 Ke8 1-0

[Event "Forchheim op-B 14th"]
[Site "Forchheim"]
[Date "2015.10.04"]
[Round "5"]
[White "Loellmann, Heiner"]
[Black "Seifert, Heinz"]
[Result "1-0"]
[WhiteElo "1825"]
[BlackElo "1598"]
[PlyCount "91"]
[EventDate "2015.10.02"]
[EventType "swiss"]
[EventRounds "5"]
[EventCountry "GER"]
[SourceTitle "EXT 2019"]
[Source "ChessBase"]
[SourceDate "2018.10.10"]
[SourceVersion "1"]
[SourceVersionDate "2018.10.10"]
[SourceQuality "1"]

1. e4 g6 2. d4 d6 3. f4 Bg7 4. Be3 Nf6 5. Bd3 0-0 6. h3 Nbd7 7. Nf3 c5 8. Qd2 cxd4 9. Bxd4 e5 10. fxe5 Nxe5 11. Nxe5 dxe5 12. Be3 b6 13. Nc3 Bb7 14. 0-0-0 Rc8 15. g4 Qe7 16. Qg2 Rc7 17. Kb1 Ba8 18. h4 Rfc8 19. Bd2 Nd7 20. Ba6 Rb8 21. g5 Nc5 22. Be2 f5 23. gxf6 Bxf6 24. h5 g5 25. h6 Ne6 26. Nd5 Bxd5 27. exd5 Nf4 28. Bxf4 exf4 29. d6 Qe5 30. c3 Rc5 31. Rhe1 Qf5+ 32. Bd3 Qd7 33. Rd2 Kh8 34. Bc2 g4 35. Rd5 f3 36. Qd2 g3 37. Bf5 Qd8 38. d7 Qf8 39. Bh3 Rd8 40. Rxc5 bxc5 41. Qf4 Be7 42. Qxg3 f2 43. Rf1 Qxh6 44. Rxf2 Qg6+ 45. Qxg6 hxg6 46. Re2 1-0

[Event "Forchheim op-B 14th"]
[Site "Forchheim"]
[Date "2015.10.03"]
[Round "3"]
[White "Rummel, Gerald"]
[Black "Seifert, Heinz"]
[Result "1/2-1/2"]
[WhiteElo "1780"]
[BlackElo "1598"]
[PlyCount "102"]
[EventDate "2015.10.02"]
[EventType "swiss"]
[EventRounds "5"]
[EventCountry "GER"]
[SourceTitle "EXT 2019"]
[Source "ChessBase"]
[SourceDate "2018.10.10"]
[SourceVersion "1"]
[SourceVersionDate "2018.10.10"]
[SourceQuality "1"]

1. Nf3 Nf6 2. c4 g6 3. g3 Bg7 4. Bg2 0-0 5. 0-0 d6 6. Nc3 c5 7. Rb1 Nc6 8. d3 Rb8 9. a3 a5 10. Bd2 Bd7 11. Nd5 b5 12. b3 e6 13. Nc3 b4 14. Nb5 d5 15. Bf4 bxa3 16. Bxb8 Qxb8 17. Nxa3 d4 18. Nc2 e5 19. e3 e4 20. Nfe1 Bf5 21. f3 exd3 22. Nxd3 Bxd3 23. Qxd3 Rd8 24. exd4 Nxd4 25. Nxd4 Rxd4 26. Qe2 Nh5 27. Rfe1 Rd8 28. f4 Bd4+ 29. Kh1 Nf6 30. Qf3 Qd6 31. Qc6 Qf8 32. Bf3 Kg7 33. Re2 Rd6 34. Qa8 Qxa8 35. Bxa8 Ra6 36. Bf3 Rb6 37. Ra2 Bc3 38. Rc2 Bd4 39. Ra2 Bc3 40. Kg2 h5 41. h3 Rd6 42. Rd1 Rb6 43. Rb1 Re6 44. Rc2 Bd4 45. g4 hxg4 46. hxg4 Rb6 47. Ra2 Bc3 48. g5 Ne8 49. Re2 Nd6 50. Re3 Bd4 51. Rd3 Nxc4 1/2-1/2